00549nam a2200205 a 4500001001300000003000900013005001700022008004100039020002300080082002000103100002500123245003100148260002800179300000900207500003500216505002400251650001300275650003000288700002500318nice12345678IN_TiNIC20260116014802.0100120s2010 jaia grp 000 0 eng  a9788183762298c75000a306.089915bPRA aPrasad, Suraj Nandan aLife and Works of Ambedkar aJaipur bABD Pub c2010 a296p aincludes index and biblioraphy2 aBibliography, Index aAmbedkar aAmbedkar, B.R.-Philosophy1 aPrasad, Suraj Nandan